Le systéme de la propriété mobilière (Record no. 151842)

MARC details
000 -LEADER
campo de control de longitud fija 00704nam a22001935i 4500
001 - NÚMERO DE CONTROL
campo de control 151842
003 - IDENTIFICADOR DE NÚMERO DE CONTROL
campo de control ES-MaACL
005 - FECHA Y HORA DE LA ÚLTIMA TRANSACCIÓN
campo de control 20230906204417.0
008 - DATOS DE LONGITUD FIJA--INFORMACIÓN GENERAL
campo de control de longitud fija 990623s1887 gw |||| | fre d
040 ## - FUENTE DE CATALOGACIÓN
Centro catalogador/agencia de origen CCPB | B
Lengua de catalogación spa
Centro/agencia transcriptor CCPB | B
100 1# - ENTRADA PRINCIPAL--NOMBRE DE PERSONA
Nombre de persona Bemmelen, P. van.
9 (RLIN) 27397
245 13 - MENCIÓN DEL TÍTULO
Título Le systéme de la propriété mobilière
Resto del título : droit antérieur, système du code civil, droit futur /
Mención de responsabilidad, etc. par P. van Bemmelen.
260 ## - PUBLICACIÓN, DISTRIBUCIÓN, ETC.
Lugar de publicación, distribución, etc. Leide :
Nombre del editor, distribuidor, etc. E. J Brill ;
Lugar de publicación, distribución, etc. Paris :
Nombre del editor, distribuidor, etc. L. Larose et Forcel,
Fecha de publicación, distribución, etc. 1887.
300 ## - DESCRIPCIÓN FÍSICA
Extensión 458 p. ;
Dimensiones 23 cm.
650 #4 - PUNTO DE ACCESO ADICIONAL DE MATERIA--TÉRMINO DE MATERIA
Término de materia o nombre geográfico como elemento de entrada Propiedad inmobiliaria-
Subdivisión general Derecho.
9 (RLIN) 136776
752 ## - ENTRADA AGREGADA--NOMBRE JERÁRQUICO DEL LUGAR
País o entidad superior Holanda -
Ciudad Leyden
752 ## - ENTRADA AGREGADA--NOMBRE JERÁRQUICO DEL LUGAR
País o entidad superior Francia -
Ciudad París
852 ## - LOCALIZACIÓN
Ubicación ES-MaACL
Número de control de estantería F-10700
Nota libre -- Enc. pasta española
Holdings
Estatus retirado Estado de pérdida Estado de daño No para préstamo Colección Biblioteca de origen Biblioteca actual Ubicación en estantería Fecha de adquisición Fuente de adquisición Total de préstamos Signatura topográfica completa Código de barras Visto por última vez Precio de reemplazo Tipo de ítem Koha
        Libros del s. XIX Biblioteca del Ateneo de Madrid Biblioteca del Ateneo de Madrid Sala Pecera Planta 2 17/01/2008     F-10700 1158479 23/02/2023 23/02/2023 Libro impreso antiguo